Diccionario de plantas agrícolas

Spremljeno u:
Bibliografski detalji
Glavni autor: Sánchez-Monge y Parellada, Enrique (Autor)
Format: Knjiga
Jezik:španjolski
Izdano: Madrid Ministerio de Agricultura 1981
Teme:
Oznake: Dodaj oznaku
Bez oznaka, Budi prvi tko označuje ovaj zapis!

MARC

LEADER 00000nam a2200000 a 4500
001 UCM7879
003 CL-VaPUC
008 030110e19810000SP |||||||||||||||||spa|d
082 0 4 |a 630.3  |b SAN  |2 21 
100 0 |a Sánchez-Monge y Parellada, Enrique  |e author  |9 473627 
245 1 0 |a Diccionario de plantas agrícolas 
300 |a 467 p 
942 |c BK 
945 |d 20030110 00:00:00  |a lriquelm 
260 |a Madrid  |b Ministerio de Agricultura  |c 1981 
500 |a Indices alfabéticos de nombres vulgares en varios idiomas: español, catalán, euskera, gallego, alemán, francés, inglés, italiano y portugués 
650 0 |a Plantas  |9 264555 
650 0 |a Diccionarios  |9 256200 
650 0 |a Agricultura  |9 255598 
583 |a last modification  |c 20180514 10:20:50  |k Rodrigo Vera 
999 |c 302533  |d 302531 
952 |0 0  |1 0  |4 0  |6 630_300000000000000_SAN_1981  |7 0  |8 F  |9 363175  |a BIBAGR  |b BIBAGR  |d 2019-11-21  |i 3874028  |o 630.3 SAN 1981  |p 3874028  |r 2025-01-20  |w 2019-11-21  |y BK_F  |k AGR